[Event "Europe Echecs online op April"]
[Site "Europe Echecs INT"]
[Date "2020.04.11"]
[Round "5"]
[White "Le Corre, Benjamin"]
[Black "Renard, Stephane"]
[Result "1-0"]
[WhiteElo "2271"]
[BlackElo "1932"]
[PlyCount "123"]
[EventDate "2020.04.11"]
[EventType "swiss (blitz)"]
[EventRounds "11"]
[EventCountry "FRA"]
[SourceTitle "EXT 2021"]
[Source "ChessBase"]
[SourceDate "2020.10.23"]
[SourceVersion "1"]
[SourceVersionDate "2020.10.23"]
[SourceQuality "1"]

1. e4 c5 2. Nf3 Nc6 3. Nc3 Nf6 4. d4 cxd4 5. Nxd4 e5 6. Ndb5 Bc5 7. Nd6+ Ke7 8. Nf5+ Kf8 9. Be3 Bxe3 10. Nxe3 d6 11. Be2 Be6 12. 0-0 Ke7 13. Qd2 Re8 14. Rfd1 Nd4 15. Bc4 Kf8 16. f3 Rc8 17. Bb3 Bxb3 18. axb3 a6 19. Rac1 Re6 20. Ne2 Nxe2+ 21. Qxe2 Qb6 22. Qf2 Rd8 23. Nd5 Nxd5 24. Rxd5 Qxf2+ 25. Kxf2 g5 26. c4 Ke7 27. Rcd1 b6 28. b4 Rc8 29. b3 h5 30. R1d2 Rc6 31. Ke1 g4 32. Kf2 gxf3 33. gxf3 f5 34. R5d3 fxe4 35. fxe4 Rf6+ 36. Rf3 Rxf3+ 37. Kxf3 Rc8 38. Rg2 Rf8+ 39. Ke3 Rf4 40. Rg7+ Ke6 41. Rb7 b5 42. c5 dxc5 43. Rb6+ Kd7 44. bxc5 Rh4 45. Rxa6 Rxh2 46. Rd6+ Ke7 47. Rd5 Rh3+ 48. Ke2 Ke6 49. Rd6+ Ke7 50. b4 Rh4 51. Ke3 Rh3+ 52. Kd2 Rh4 53. Rb6 Rxe4 54. Rxb5 h4 55. Rb7+ Kd8 56. Kc3 h3 57. Rh7 Re3+ 58. Kc4 Rf3 59. b5 e4 60. b6 Rf7 61. Rxf7 e3 62. b7 1-0